| 000 | 01065cab a2200301 4500 | ||
|---|---|---|---|
| 001 | ABS52234 | ||
| 008 | 090401t1995 xxu||||| |||| 00| 0 eng d | ||
| 035 | _a(Sirsi) u67181 | ||
| 041 | _aeng | ||
| 100 | _aBarrick, A. | ||
| 245 | _aCutting costs: better by half | ||
| 260 | _c1995 | ||
| 350 | _a0 | ||
| 490 |
_aBuilding _v260(7879) 10 February 1995, 20-24(5) |
||
| 520 | _aA feature on cost-cutting in the construction industry, including an interview with Sir John Egan, chief executive of BAA, who aims to cut construction spending by half within five years. Also looks at the recommendations of the Latham report and the initiatives for achieving cost reductions. | ||
| 650 | _aBAA | ||
| 650 | _aBUILT ENVIRONMENT-BUILDING COSTS | ||
| 650 | _aCONSTRUCTION CLIENTS FORUM | ||
| 650 | _aCONSTRUCTION COSTS | ||
| 650 | _aLATHAM REFORMS | ||
| 650 | _aPROFILE | ||
| 650 | _aREDUCTION | ||
| 650 | _aREVIEW IMPLEMENTATION FORUM | ||
| 650 | _aWORKING GROUP 11 | ||
| 690 | _aBUILT ENVIRONMENT-BUILDING COSTS | ||
| 942 | _n0 | ||
| 948 | _c04/03/1997 | ||
| 999 |
_c42040 _d42040 |
||